Statistics for Super Smash Brothers Characters

Click here to take the quiz!

General Stats

  • This quiz has been taken 55 times
    (35 since last reset)
  • The average score is 69 of 89

Answer Stats

64GCWii3DSSwitchCharacter% Correct
Daisy
96%
Mario
96%
Bowser
93%
Luigi
93%
Peach
93%
Zelda
93%
Kirby
89%
DLCMewtwo
89%
Pikachu
89%
DLCBayonetta
85%
Bowser Jr.
85%
Dark Pit
85%
Dark Samus
85%
Donkey Kong
85%
King Dedede
85%
Link
85%
Lucina
85%
Mii {Brawler}
85%
Mii {Gunner}
85%
Mii {Swordfighter}
85%
Mr. Game & Watch
85%
Ness
85%
Pichu
85%
Pit
85%
DLCSteve
85%
Wario
85%
DLCByleth
81%
Captain Falcon
81%
Diddy Kong
81%
Fox
81%
DLCJoker
81%
DLCLucas
81%
Marth
81%
Palutena
81%
Rosalina & Luma
81%
Samus
81%
Sheik
81%
Solid Snake
81%
Toon Link
81%
Zero Suit Samus
81%
Chrom
78%
DLCCorrin
78%
Dr. Mario
78%
Falco
78%
Ganondorf
78%
Ike
78%
Incineroar
78%
Meta Knight
78%
DLCMin Min
78%
DLCPyra
78%
DLCRoy
78%
Wolf
78%
Yoshi
78%
Young Link
78%
DLCBanjo & Kazooie
74%
Charizard
74%
DLCCloud
74%
Ice Climbers
74%
Jigglypuff
74%
Lucario
74%
DLCMythra
74%
Olimar
74%
DLCPiranha Plant
74%
Ridley
74%
R.O.B.
74%
Sonic
74%
Wii Fit Trainer
74%
Inkling
70%
Ken
70%
King K. Rool
70%
Mega Man
70%
Richter
70%
Robin
70%
DLCRyu
70%
DLCSephiroth
70%
DLCSora
70%
Squirtle
70%
DLCHero
67%
Isabelle
67%
Ivysaur
67%
DLCKazuya
67%
Simon
67%
Villager
67%
Duck Hunt Dog
63%
Greninja
63%
Little Mac
63%
Shulk
63%
DLCTerry
63%
Pac-Man
56%

Score Distribution

Percentile by Number Answered

Percent of People with Each Score

Your Score History

You have not taken this quiz since the last reset